Expertise at work: a special issue of the European journal of work and organizational psychology (Record no. 261770)

MARC details
000 -LEADER
fixed length control field 00683nam a2200217Ia 4500
008 - FIXED-LENGTH DATA ELEMENTS--GENERAL INFORMATION
fixed length control field 191130s1998##################000#0#eng##
020 ## - INTERNATIONAL STANDARD BOOK NUMBER
ISBN 9780863779725
082 ## - DEWEY DECIMAL CLASSIFICATION NUMBER
Classification number 158.7 HER
245 ## - TITLE STATEMENT
Title Expertise at work: a special issue of the European journal of work and organizational psychology
Statement of responsibility, etc editor Peter Herriot
260 ## - PUBLICATION, DISTRIBUTION, ETC. (IMPRINT)
Place of publication Amsterdam, Boston
Name of publisher Psychology Press
Year of publication 1998
300 ## - PHYSICAL DESCRIPTION
Number of Pages 592 ; 23 cm
500 ## - GENERAL NOTE
General note Includes bibliographical references
650 ## - SUBJECT ADDED ENTRY--TOPICAL TERM
Topical Term Achievement motivation
Topical Term Expertise
Topical Term Performance
700 ## - ADDED ENTRY--PERSONAL NAME
Personal name Herriot, Peter
991 ## -
-- 392376
Holdings
Withdrawn status Lost status Damaged status Not for loan Home library Current library Shelving location Date acquired Full call number Accession Number Price effective from Koha item type
        Anna Centenary Library Anna Centenary Library 3RD FLOOR, A WING 13.10.2020 158.7 HER 289629 13.10.2020 English Books

Find us on the map